00810nam a2200277Ia 4500008004100000020001800041050001500059050001800074100002000092245005600112245005100168245001900219260002100238260003700259260000900296300001600305300002000321300001100341500002000352650001600372650002500388650003200413650002900445650002900474650002900503160303s9999 xx 000 0 und d a971-92148-1-3 aFIL HB 615 b.S26 2000 c.1 aSanchez, Marlo. 2aA Smart and practical guide for new entrepreneurs : bbe smart! start and manage your own business / cMarlo Sanchez. aMuntinlupa City: bPinoyBisnes tm Resource Center, c2000 a148 pages : billustrations ; c22 cm. aIncludes index. aBusiness -- aEntrepreneurship --  aNew business enterprises -- xHandbooks, manuals, etc. xHandbooks, manuals, etc. xHandbooks, manuals, etc.